000 00854nam a2200277Ia 4500
003 OSt
005 20260410101038.0
008 260408b |||||||| |||| 00| 0 eng d
020 _a978-1-4739-9908-4
037 _aTextbook
040 _aFEDL
_beng
_cFEDL
041 _aeng
_2eng
084 _a150.72, BAN/R
100 _aBanyard Philip Ed... [et.al].
_91234023
245 0 _aEssential research methods in psychology/
_cby Phillip Banyard, ed... [et.al].
260 _aLondon
_bSage
_c2022
300 _axvi, 322p.
365 _aGBP
_b34.99
650 _aPSYCHOLOGY
650 _aPSYCHOLOGY- RESEARCH
_91234024
700 _a Belinda Winder, Ed.
_9783388
700 _aChristine Norman, Ed
_91234025
700 _aGayle Dillon, Ed.
_91234026
942 _cTB
_h150.72, BAN/R
_2ddc
_n0
999 _c1847964
_d1847964